• 首页
  • 本馆介绍
  • 公告通知
  • 最新文献
  • 馆藏检索
  • 电子资源
  • 读者导购
  • 参考咨询
  • 我的图书馆
  • 登录
  • 详细信息显示
  • 放入我的书架
  • 预约/预借图书
  • 作者相关作品
  • 分类相关作品
  • 丛书相关作品
  • 出版社相关作品

书目信息

  • 表格格式
  • 工作单格式
  • 卡片格式
题名:
数字音视频技术及应用
    
 
作者: 吴韶波 , 顾奕 , 李林隽 主编
分册:  
出版信息: 哈尔滨   哈尔滨工业大学出版社  2016.3
页数: 261页
开本: 26cm
丛书名:
单 册:
中图分类: TN912.27 , TN941.3
科图分类:
主题词: 数字技术--应用--音频设备--高等学校--教材 , 数字技术--应用--视频信号--高等学校--教材
电子资源:
ISBN: 978-7-5603-5895-6
000 01406nam0 2200337 450
001 0400003579
005 20171025151458.18
010    @a978-7-5603-5895-6@dCNY38.00
100    @a20160602e2016 em y0chiy50 ea
101 0  @achi
102    @aCN@b230000
105    @aa z 000yy
106    @ar
200 1  @a数字音视频技术及应用@9shu zi yin shi pin ji shu ji ying yong@b专著@dDigital audio and video technology and applications@zeng@f吴韶波,顾奕,李林隽主编
205    @a第2版
210    @a哈尔滨@c哈尔滨工业大学出版社@d2016.3
215    @a261页@c图@d26cm
300    @a航空航天精品系列
300    @a“十二五”国家重点图书出版规划项目
307    @a实际页数为:262
330    @a本书从实际应用出发,以数字音视频技术为主线,系统地介绍了数字音视频技术的基本原理、相关先进技术和具体实际应用。全书共分9章,对数字音视频的编码技术、传输技术、存储技术进行了系统的阐述;对数字音视频技术在广播电视领域、多媒体通信领域、智能监控领域、消费数码产品领域的实际应用进行了全面介绍。
510 1  @aDigital audio and video technology and applications@zeng
606 0  @a数字技术@x应用@x音频设备@x高等学校@j教材
606 0  @a数字技术@x应用@x视频信号@x高等学校@j教材
690    @aTN912.27@v5
690    @aTN941.3@v5
701  0 @a吴韶波@9wu shao bo@4主编
701  0 @a顾奕@9gu yi@4主编
701  0 @a李林隽@9li lin juan@4主编
801  0 @aCN@b91MARC@c20171022
905    @b1022805-9@dTN912.27@f5@e81=2
    
    数字音视频技术及应用=Digital audio and video technology and applications/吴韶波,顾奕,李林隽主编.-第2版.-哈尔滨:哈尔滨工业大学出版社,2016.3
    261页:图;26cm
    航空航天精品系列.-“十二五”国家重点图书出版规划项目
    
    ISBN 978-7-5603-5895-6:CNY38.00
    本书从实际应用出发,以数字音视频技术为主线,系统地介绍了数字音视频技术的基本原理、相关先进技术和具体实际应用。全书共分9章,对数字音视频的编码技术、传输技术、存储技术进行了系统的阐述;对数字音视频技术在广播电视领域、多媒体通信领域、智能监控领域、消费数码产品领域的实际应用进行了全面介绍。
●
相关链接 在E读中查询图书 在五车中查询图书 在当当中查询图书 在豆瓣中查询图书


正题名:数字音视频技术及应用     索取号:TN912.27/81=2         预约/预借

序号 登录号 条形码 馆藏地/架位号 状态 备注
1 1022805   210228056   第二样本阅览室/ [索取号:TN912.27/81=2] 在馆    
2 1022806   210228065   密集书库-物理学院/ [索取号:TN912.27/81=2] 在馆    
3 1022807   210228074   第三借阅区/ [索取号:TN912.27/81=2] 在馆    
4 1022808   210228083   第三借阅区/ [索取号:TN912.27/81=2] 在馆    
5 1022809   210228092   第三借阅区/ [索取号:TN912.27/81=2] 在馆    
唐山师范学院图书馆 欢迎您!
大连网信软件有限公司© 版权所有